| 000 | 00589nam a22002057a 4500 | ||
|---|---|---|---|
| 999 |
_c190086 _d190086 |
||
| 005 | 20220718143656.0 | ||
| 010 | _aENG-1333638 | ||
| 020 |
_a9789387791572 _c399.0 |
||
| 035 | _aEN-117170 | ||
| 037 | _bDBAD/PUB | ||
| 082 | _a330.954 | ||
| 245 |
_aBusiness Line Think _bEditorials 2019/ _cby jinoy jose p |
||
| 260 |
_achennai _bN Ravi _c2020 |
||
| 270 |
_a859 & 860 Anna Salai _bChennai _e600002 |
||
| 300 |
_a272p. _c21cm(pbk) |
||
| 700 | _aby p jose jinoy | ||
| 710 | _aNaresh KR | ||
| 711 | _aSuderarshan Vibha & Prabhakaran K | ||
| 942 |
_2ddc _cEN _h330.954 _mTHI |
||